000 00472nam a2200169Ia 4500
008 240729s9999 xx 000 0 und d
022 _a1993-2987
245 0 _aJournal of Institute of Medicine
260 _aNepal
260 _bInstitute of Medicine
650 _a Medicine (General) | Medicine
650 _a Public aspects of medicine
650 _aMedicine
856 _uhttps://doaj.org/toc/63d781b3c8b6417f892531226e72a0ef
942 _2ddc
942 _cDOAJEJ
999 _c68665
_d68665
945 _a1
_bMadushi Gamage
_c1
_dMadushi Gamage